000
00336nam a2200145Ia 4500
100
_a
Hopcroft/ & Ullman J
942
_c
BK
654
_a
Computer
245
_a
Intd. to automata theory Languages & Computation
260
_b
Pearson Edu
_a
Asia
_c
2001
082
_a
6.3
_b
HOP/MOT
300
_a
521
546
_a
ENGLISH
999
_c
21516
_d
21516